| 000 | 00574nam a2200205Ia 4500 | ||
|---|---|---|---|
| 003 | OSt | ||
| 005 | 20251212152736.0 | ||
| 008 | 210707s1983 xx 000 0 und d | ||
| 040 | _cAL | ||
| 041 | _aKonkani | ||
| 082 | _aK894.1 KADP | ||
| 100 |
_aKADENGODLU SHANKARABHATTA _dಕಡೆಂಗೋಡ್ಲು ಶಂಕರಭಟ್ಟ _9248992 |
||
| 245 |
_aPatra - pushpa. _bಪತ್ರಪುಷ್ಪ. |
||
| 260 |
_bVishva Kannada Sammelana _c1983 |
||
| 300 | _aviii,64 p | ||
| 365 |
_b1 _cINR |
||
| 563 | _aPB | ||
| 650 |
_aKannada Poetry _9248993 |
||
| 942 |
_2ddc _cBK |
||
| 999 |
_c180131 _d180131 |
||